[Event "Women's Baku Chess Olympiad"]
[Site "chess24.com"]
[Date "2016.09.10"]
[Round "8"]
[White "Gaponenko, Inna"]
[Black "Gara, Ticia"]
[Result "1-0"]
[Board "4"]
[WhiteID "14101181"]
[WhiteElo "2416"]
[WhiteTitle "IM"]
[WhiteCountry "UKR"]
[WhiteFideId "14101181"]
[WhiteEloChange "4"]
[BlackID "717444"]
[BlackElo "2379"]
[BlackTitle "WGM"]
[BlackCountry "HUN"]
[BlackFideId "717444"]
[BlackEloChange "-9"]

1. e4 {[%clk 1:30:57]} c5 {[%clk 1:30:56]} 2. Nf3 {[%clk 1:31:18]} e6 {[%clk
1:31:16]} 3. d4 {[%clk 1:31:23]} cxd4 {[%clk 1:31:38]} 4. Nxd4 {[%clk 1:31:47]}
Nc6 {[%clk 1:31:55]} 5. Nc3 {[%clk 1:31:44]} Qc7 {[%clk 1:32:07]} 6. Be2 {[%clk
1:26:19]} Nf6 {[%clk 1:29:03]} 7. O-O {[%clk 1:19:29]} Be7 {[%clk 1:24:30]} 8.
Kh1 {[%clk 0:58:57]} O-O {[%clk 1:23:30]} 9. f4 {[%clk 0:59:08]} Nxd4 {[%clk
1:12:55]} 10. Qxd4 {[%clk 0:57:15]} d6 {[%clk 1:12:47]} 11. e5 {[%clk 0:43:45]}
Nd5 {[%clk 0:55:27]} 12. Nxd5 {[%clk 0:21:17]} exd5 {[%clk 0:55:39]} 13. Qxd5
{[%clk 0:21:31]} Qxc2 {[%clk 0:50:22]} 14. Bd3 {[%clk 0:21:20]} Qc6 {[%clk
0:49:13]} 15. Qxc6 {[%clk 0:17:21]} bxc6 {[%clk 0:49:40]} 16. exd6 {[%clk
0:14:05]} Bxd6 {[%clk 0:50:05]} 17. Bd2 {[%clk 0:12:53]} Be6 {[%clk 0:46:50]} 18.
Be4 {[%clk 0:13:01]} Rab8 {[%clk 0:43:21]} 19. Bc3 {[%clk 0:11:40]} c5 {[%clk
0:33:47]} 20. f5 {[%clk 0:07:26]} Bc4 {[%clk 0:33:13]} 21. Rfd1 {[%clk 0:07:50]}
Bf4 {[%clk 0:24:29]} 22. g3 {[%clk 0:06:39]} Bg5 {[%clk 0:22:45]} 23. h4 {[%clk
0:06:37]} Bf6 {[%clk 0:21:48]} 24. Bxf6 {[%clk 0:06:15]} gxf6 {[%clk 0:22:16]}
25. b3 {[%clk 0:06:16]} Bb5 {[%clk 0:20:12]} 26. Rac1 {[%clk 0:04:35]} Rfe8
{[%clk 0:18:08]} 27. Bg2 {[%clk 0:05:01]} Re5 {[%clk 0:15:45]} 28. Rd5 {[%clk
0:04:49]} Rxd5 {[%clk 0:14:28]} 29. Bxd5 {[%clk 0:05:18]} Rd8 {[%clk 0:14:51]}
30. Bg2 {[%clk 0:02:39]} Rc8 {[%clk 0:14:08]} 31. Kg1 {[%clk 0:02:57]} Bd3 {[%clk
0:07:21]} 32. g4 {[%clk 0:02:58]} h5 {[%clk 0:06:32]} 33. Bf3 {[%clk 0:01:18]}
hxg4 {[%clk 0:03:34]} 34. Bxg4 {[%clk 0:01:47]} c4 {[%clk 0:03:46]} 35. bxc4
{[%clk 0:01:15]} Rxc4 {[%clk 0:03:45]} 36. Rxc4 {[%clk 0:01:41]} Bxc4 {[%clk
0:04:13]} 37. a3 {[%clk 0:02:01]} Kg7 {[%clk 0:03:28]} 38. Kf2 {[%clk 0:02:24]}
Kh6 {[%clk 0:02:10]} 39. Ke3 {[%clk 0:02:50]} Kg7 {[%clk 0:01:03]} 40. Kd4 {[%clk
0:32:57]} Bf1 {[%clk 0:30:51]} 41. Kc5 {[%clk 0:32:47]} Bd3 {[%clk 0:26:28]} 42.
a4 {[%clk 0:28:13]} Kh6 {[%clk 0:22:57]} 43. a5 {[%clk 0:27:12]} Kg7 {[%clk
0:19:11]} 44. Kc6 {[%clk 0:27:02]} a6 {[%clk 0:19:01]} 45. Kd6 {[%clk 0:25:02]}
Kf8 {[%clk 0:17:06]} 46. h5 {[%clk 0:11:07]} Kg7 {[%clk 0:17:32]} 47. Ke7 {[%clk
0:11:33]} Bc4 {[%clk 0:15:36]} 48. h6+ {[%clk 0:05:16]} Kxh6 {[%clk 0:15:23]} 49.
Kxf6 {[%clk 0:05:42]} Bd3 {[%clk 0:08:01]} 50. Bd1 {[%clk 0:05:50]} Bc4 {[%clk
0:07:02]} 51. Bf3 {[%clk 0:06:15]} Kh7 {[%clk 0:06:35]} 52. Bh5 {[%clk 0:06:40]}
Kg8 {[%clk 0:06:55]} 53. Ke7 {[%clk 0:07:04]} Kg7 {[%clk 0:06:21]} 54. f6+ {[%clk
0:07:30]} Kg8 {[%clk 0:06:48]} 55. Kd6 {[%clk 0:07:13]} Kf8 {[%clk 0:04:26]} 56.
Kc5 {[%clk 0:07:29]} Bd3 {[%clk 0:03:45]} 57. Kd6 {[%clk 0:03:45]} Ke8 {[%clk
0:03:46]} 58. Kc7 {[%clk 0:03:59]} Kf8 {[%clk 0:01:44]} 59. Bf3 {[%clk 0:04:20]}
Bc4 {[%clk 0:00:56]} 60. Be4 {[%clk 0:03:51]} Be2 {[%clk 0:01:10]} 61. Bf5 {[%clk
0:03:56]} Bc4 {[%clk 0:01:23]} 62. Kb6 {[%clk 0:03:22]} Ke8 {[%clk 0:01:45]} 63.
Bc8 {[%clk 0:03:15]} Bd5 {[%clk 0:01:12]} 64. Kc7 {[%clk 0:01:03]} Bc4 {[%clk
0:01:30]} 65. Bd7+ {[%clk 0:01:23]} Kf8 {[%clk 0:01:57]} 66. Kb6 {[%clk 0:01:49]}
Bd3 {[%clk 0:02:05]} 67. Bc8 {[%clk 0:02:01]} Ke8 {[%clk 0:02:29]} 68. Bxa6
{[%clk 0:02:23]} Be4 {[%clk 0:02:50]} 69. Bb5+ {[%clk 0:02:25]} Kd8 {[%clk
0:03:16]} 70. a6 {[%clk 0:02:43]} Bb7 {[%clk 0:01:02]} 71. a7 {[%clk 0:02:06]}
Bc8 {[%clk 0:00:41]} 72. Ba6 {[%clk 0:02:16]} 1-0

[Event "Women's Baku Chess Olympiad"]
[Site "chess24.com"]
[Date "2016.09.10"]
[Round "8"]
[White "Hou, Yifan"]
[Black "Mamedjarova, Zeinab"]
[Result "1-0"]
[Board "1"]
[WhiteID "8602980"]
[WhiteElo "2658"]
[WhiteTitle "GM"]
[WhiteCountry "CHN"]
[WhiteFideId "8602980"]
[WhiteEloChange "1"]
[BlackID "13401521"]
[BlackElo "2295"]
[BlackTitle "WGM"]
[BlackCountry "AZE"]
[BlackFideId "13401521"]
[BlackEloChange "-2"]

1. Nf3 {[%clk 1:30:52]} Nf6 {[%clk 1:30:16]} 2. g3 {[%clk 1:31:04]} b6 {[%clk
1:29:01]} 3. Bg2 {[%clk 1:31:23]} Bb7 {[%clk 1:29:27]} 4. O-O {[%clk 1:31:31]} e6
{[%clk 1:26:47]} 5. d3 {[%clk 1:25:34]} d5 {[%clk 1:22:00]} 6. Nbd2 {[%clk
1:25:50]} Be7 {[%clk 1:22:14]} 7. c4 {[%clk 1:18:28]} O-O {[%clk 1:21:02]} 8. Qc2
{[%clk 1:18:44]} c5 {[%clk 1:18:31]} 9. b3 {[%clk 1:15:22]} Nc6 {[%clk 1:16:51]}
10. Bb2 {[%clk 1:14:54]} Qc7 {[%clk 1:16:27]} 11. cxd5 {[%clk 1:08:33]} Nxd5
{[%clk 1:13:58]} 12. a3 {[%clk 1:06:39]} Rac8 {[%clk 1:09:04]} 13. Rac1 {[%clk
1:02:07]} Rfd8 {[%clk 1:04:00]} 14. Rfd1 {[%clk 1:00:03]} Qb8 {[%clk 1:02:27]}
15. Qb1 {[%clk 0:59:09]} Nd4 {[%clk 0:40:31]} 16. Nxd4 {[%clk 0:48:33]} cxd4
{[%clk 0:40:49]} 17. Rxc8 {[%clk 0:48:57]} Bxc8 {[%clk 0:17:58]} 18. Bxd4 {[%clk
0:44:00]} Bxa3 {[%clk 0:10:20]} 19. Bxg7 {[%clk 0:42:49]} Kxg7 {[%clk 0:02:00]}
20. Qa1+ {[%clk 0:42:12]} Kg8 {[%clk 0:02:03]} 21. Qxa3 {[%clk 0:39:41]} Nc3
{[%clk 0:02:18]} 22. Re1 {[%clk 0:40:02]} Bb7 {[%clk 0:00:53]} 23. Nf3 {[%clk
0:36:02]} Qc7 {[%clk 0:00:36]} 24. Qb4 {[%clk 0:35:41]} a5 {[%clk 0:00:45]} 25.
Qg4+ {[%clk 0:36:03]} Kh8 {[%clk 0:00:53]} 26. Ng5 {[%clk 0:35:24]} Bxg2 {[%clk
0:00:38]} 27. Qh4 {[%clk 0:31:41]} Kg7 {[%clk 0:01:04]} 28. Qxh7+ {[%clk
0:31:06]} Kf6 {[%clk 0:01:30]} 29. Qh4 {[%clk 0:30:24]} Kg7 {[%clk 0:00:33]} 30.
Kxg2 {[%clk 0:30:21]} Rd5 {[%clk 0:00:34]} 31. e4 {[%clk 0:29:33]} Rc5 {[%clk
0:00:38]} 32. d4 {[%clk 0:29:29]} Rc6 {[%clk 0:00:52]} 33. Re3 {[%clk 0:29:53]}
Nb5 {[%clk 0:01:07]} 34. Rf3 {[%clk 0:30:10]} f5 {[%clk 0:00:33]} 35. Qh7+ {[%clk
0:30:26]} Kf8 {[%clk 0:00:47]} 36. Nxe6+ {[%clk 0:30:16]} Rxe6 {[%clk 0:01:11]}
37. Rxf5+ {[%clk 0:30:30]} Ke8 {[%clk 0:01:38]} 38. Qg8+ {[%clk 0:30:55]} Kd7
{[%clk 0:01:58]} 39. Rxb5 {[%clk 0:31:11]} 1-0

[Event "Women's Baku Chess Olympiad"]
[Site "chess24.com"]
[Date "2016.09.10"]
[Round "8"]
[White "Mammadzada, Gunay"]
[Black "Ju, Wenjun"]
[Result "0-1"]
[Board "2"]
[WhiteID "13403729"]
[WhiteElo "2361"]
[WhiteTitle "WGM"]
[WhiteCountry "AZE"]
[WhiteFideId "13403729"]
[WhiteEloChange "-4"]
[BlackID "8603006"]
[BlackElo "2583"]
[BlackTitle "GM"]
[BlackCountry "CHN"]
[BlackFideId "8603006"]
[BlackEloChange "2"]

1. e4 {[%clk 1:30:54]} e5 {[%clk 1:30:51]} 2. Nf3 {[%clk 1:31:18]} Nf6 {[%clk
1:31:08]} 3. Nxe5 {[%clk 1:31:36]} d6 {[%clk 1:31:33]} 4. Nf3 {[%clk 1:32:01]}
Nxe4 {[%clk 1:31:57]} 5. d4 {[%clk 1:32:21]} d5 {[%clk 1:31:32]} 6. Bd3 {[%clk
1:32:43]} Nc6 {[%clk 1:31:53]} 7. O-O {[%clk 1:33:06]} Be7 {[%clk 1:32:16]} 8.
Nbd2 {[%clk 1:33:25]} Bf5 {[%clk 1:32:24]} 9. Re1 {[%clk 1:33:40]} Nxd2 {[%clk
1:32:09]} 10. Qxd2 {[%clk 1:34:03]} Bxd3 {[%clk 1:32:35]} 11. Qxd3 {[%clk
1:34:28]} O-O {[%clk 1:32:28]} 12. c3 {[%clk 1:33:25]} a6 {[%clk 1:31:33]} 13.
Re2 {[%clk 1:19:23]} Qd7 {[%clk 1:29:34]} 14. Bf4 {[%clk 1:19:20]} Rae8 {[%clk
1:29:36]} 15. Rae1 {[%clk 1:09:11]} Bd8 {[%clk 1:27:51]} 16. g3 {[%clk 1:03:30]}
h6 {[%clk 1:27:27]} 17. h4 {[%clk 0:57:13]} Re7 {[%clk 1:21:30]} 18. b4 {[%clk
0:52:50]} Rfe8 {[%clk 1:19:02]} 19. a4 {[%clk 0:42:51]} Rxe2 {[%clk 1:15:07]} 20.
Rxe2 {[%clk 0:43:20]} Rxe2 {[%clk 1:13:07]} 21. Qxe2 {[%clk 0:43:49]} Ne7 {[%clk
1:03:21]} 22. a5 {[%clk 0:33:21]} Nc8 {[%clk 0:50:16]} 23. Kg2 {[%clk 0:29:01]}
Na7 {[%clk 0:50:09]} 24. Ne5 {[%clk 0:20:36]} Qe6 {[%clk 0:50:31]} 25. Qf3 {[%clk
0:19:42]} Nb5 {[%clk 0:48:52]} 26. Nd3 {[%clk 0:16:44]} Be7 {[%clk 0:45:23]} 27.
Bd2 {[%clk 0:16:32]} Bd6 {[%clk 0:41:36]} 28. Kf1 {[%clk 0:10:22]} Kf8 {[%clk
0:41:00]} 29. Nc1 {[%clk 0:06:37]} Kg8 {[%clk 0:33:09]} 30. Nd3 {[%clk 0:06:41]}
Na3 {[%clk 0:30:53]} 31. Bf4 {[%clk 0:05:28]} Nb1 {[%clk 0:21:22]} 32. Nc5 {[%clk
0:05:14]} Bxc5 {[%clk 0:20:43]} 33. dxc5 {[%clk 0:05:05]} c6 {[%clk 0:17:19]} 34.
Qd3 {[%clk 0:04:10]} Qe4 {[%clk 0:14:24]} 35. Qxe4 {[%clk 0:04:31]} dxe4 {[%clk
0:14:52]} 36. Be5 {[%clk 0:04:39]} Nd2+ {[%clk 0:15:10]} 37. Ke2 {[%clk 0:05:06]}
Nc4 {[%clk 0:15:36]} 38. Bd4 {[%clk 0:05:32]} f5 {[%clk 0:15:48]} 39. h5 {[%clk
0:04:45]} Kf7 {[%clk 0:16:07]} 40. f3 {[%clk 0:32:33]} g6 {[%clk 0:44:04]} 41. g4
{[%clk 0:22:50]} fxg4 {[%clk 0:28:44]} 42. fxg4 {[%clk 0:21:02]} gxh5 {[%clk
0:29:11]} 43. gxh5 {[%clk 0:21:28]} Ke6 {[%clk 0:29:35]} 44. Bg7 {[%clk 0:21:48]}
Kf5 {[%clk 0:30:04]} 45. Bxh6 {[%clk 0:22:12]} Kg4 {[%clk 0:30:33]} 46. Be3
{[%clk 0:21:57]} Kxh5 {[%clk 0:30:57]} 47. Bc1 {[%clk 0:21:12]} Kg4 {[%clk
0:31:05]} 48. Kf2 {[%clk 0:20:54]} Kf5 {[%clk 0:31:00]} 49. Ke2 {[%clk 0:21:06]}
Ke5 {[%clk 0:31:12]} 50. Kf2 {[%clk 0:20:28]} Kd5 {[%clk 0:31:06]} 51. Ke2 {[%clk
0:20:11]} Ne5 {[%clk 0:26:11]} 52. Ke3 {[%clk 0:19:27]} Nd3 {[%clk 0:25:24]} 53.
Bd2 {[%clk 0:19:33]} Nb2 {[%clk 0:25:38]} 54. Bc1 {[%clk 0:19:47]} Na4 {[%clk
0:24:10]} 55. Bd2 {[%clk 0:19:37]} Kc4 {[%clk 0:23:44]} 56. Kxe4 {[%clk 0:19:54]}
Nxc3+ {[%clk 0:24:12]} 57. Ke5 {[%clk 0:20:11]} Nd5 {[%clk 0:24:27]} 58. Kd6
{[%clk 0:20:20]} Kb5 {[%clk 0:24:47]} 59. Kd7 {[%clk 0:09:34]} Nxb4 {[%clk
0:25:07]} 60. Kc7 {[%clk 0:07:41]} Nd3 {[%clk 0:25:32]} 61. Kxb7 {[%clk 0:07:15]}
Nxc5+ {[%clk 0:25:59]} 62. Kc7 {[%clk 0:05:51]} Nb3 {[%clk 0:26:27]} 63. Be1
{[%clk 0:05:58]} Nxa5 {[%clk 0:26:42]} 64. Kd6 {[%clk 0:06:15]} Nb3 {[%clk
0:26:56]} 65. Ke5 {[%clk 0:05:32]} a5 {[%clk 0:27:21]} 66. Ke4 {[%clk 0:05:53]}
Kc4 {[%clk 0:27:38]} 0-1

[Event "Women's Baku Chess Olympiad"]
[Site "chess24.com"]
[Date "2016.09.10"]
[Round "8"]
[White "Zhao, Xue"]
[Black "Mammadova, Gulnar"]
[Result "1/2-1/2"]
[Board "3"]
[WhiteID "8601283"]
[WhiteElo "2522"]
[WhiteTitle "GM"]
[WhiteCountry "CHN"]
[WhiteFideId "8601283"]
[WhiteEloChange "-3"]
[BlackID "13403508"]
[BlackElo "2304"]
[BlackTitle "WGM"]
[BlackCountry "AZE"]
[BlackFideId "13403508"]
[BlackEloChange "6"]

1. d4 {[%clk 1:30:56]} d5 {[%clk 1:30:48]} 2. c4 {[%clk 1:31:17]} c6 {[%clk
1:31:12]} 3. Nf3 {[%clk 1:31:17]} Nf6 {[%clk 1:31:36]} 4. e3 {[%clk 1:30:24]} g6
{[%clk 1:31:48]} 5. Nc3 {[%clk 1:29:22]} Bg7 {[%clk 1:32:13]} 6. h3 {[%clk
1:28:57]} O-O {[%clk 1:32:16]} 7. Bd3 {[%clk 1:29:18]} a6 {[%clk 1:32:08]} 8. O-O
{[%clk 1:23:19]} dxc4 {[%clk 1:32:27]} 9. Bxc4 {[%clk 1:23:38]} b5 {[%clk
1:32:53]} 10. Bd3 {[%clk 1:20:45]} c5 {[%clk 1:32:09]} 11. a4 {[%clk 1:15:10]} b4
{[%clk 1:28:53]} 12. Ne4 {[%clk 1:08:29]} cxd4 {[%clk 1:22:07]} 13. Nxd4 {[%clk
1:03:48]} Qd5 {[%clk 1:15:48]} 14. f3 {[%clk 0:50:14]} Bb7 {[%clk 1:10:59]} 15.
Bd2 {[%clk 0:47:56]} e5 {[%clk 1:02:33]} 16. Nxf6+ {[%clk 0:44:35]} Bxf6 {[%clk
1:02:56]} 17. Be4 {[%clk 0:44:35]} Qd7 {[%clk 1:03:10]} 18. Nb3 {[%clk 0:38:39]}
Bxe4 {[%clk 1:00:16]} 19. Nc5 {[%clk 0:37:18]} Qd5 {[%clk 0:57:57]} 20. fxe4
{[%clk 0:33:42]} Qxc5 {[%clk 0:57:47]} 21. Rxf6 {[%clk 0:34:07]} Nd7 {[%clk
0:50:35]} 22. Rc1 {[%clk 0:28:53]} Qe7 {[%clk 0:38:36]} 23. Rfc6 {[%clk 0:29:05]}
a5 {[%clk 0:37:58]} 24. Be1 {[%clk 0:25:01]} Nb8 {[%clk 0:34:25]} 25. Rc7 {[%clk
0:17:03]} Qe6 {[%clk 0:32:49]} 26. Qd5 {[%clk 0:12:10]} Qxd5 {[%clk 0:24:50]} 27.
exd5 {[%clk 0:12:36]} Na6 {[%clk 0:25:14]} 28. R7c6 {[%clk 0:10:21]} Rfd8 {[%clk
0:21:44]} 29. Bh4 {[%clk 0:08:52]} f6 {[%clk 0:21:58]} 30. e4 {[%clk 0:08:20]} g5
{[%clk 0:21:47]} 31. Bg3 {[%clk 0:08:46]} f5 {[%clk 0:18:44]} 32. Bxe5 {[%clk
0:09:03]} fxe4 {[%clk 0:19:09]} 33. d6 {[%clk 0:05:11]} b3 {[%clk 0:15:48]} 34.
Bf6 {[%clk 0:04:22]} Rd7 {[%clk 0:15:58]} 35. Bxg5 {[%clk 0:03:52]} Nb4 {[%clk
0:15:45]} 36. Rb6 {[%clk 0:04:06]} Kf7 {[%clk 0:14:29]} 37. Re1 {[%clk 0:02:40]}
Re8 {[%clk 0:08:55]} 38. Be7 {[%clk 0:02:30]} Nd5 {[%clk 0:09:11]} 39. Rxb3
{[%clk 0:02:36]} Nxe7 {[%clk 0:09:21]} 40. dxe7 {[%clk 0:32:59]} Rd4 {[%clk
0:36:46]} 41. Rf1+ {[%clk 0:30:56]} Kxe7 {[%clk 0:35:44]} 42. Rb5 {[%clk
0:29:27]} Ra8 {[%clk 0:29:35]} 43. b3 {[%clk 0:26:50]} Ke6 {[%clk 0:27:18]} 44.
Rf4 {[%clk 0:23:44]} Ra7 {[%clk 0:25:15]} 45. Rh4 {[%clk 0:23:17]} Kf6 {[%clk
0:21:51]} 46. Rh6+ {[%clk 0:22:38]} Kg7 {[%clk 0:22:16]} 47. Re6 {[%clk 0:22:20]}
Rc7 {[%clk 0:18:49]} 48. Rxa5 {[%clk 0:13:32]} Rb7 {[%clk 0:18:40]} 49. Rg5+
{[%clk 0:07:24]} Kf7 {[%clk 0:18:43]} 50. Rh6 {[%clk 0:07:45]} Rxb3 {[%clk
0:17:49]} 51. Rxh7+ {[%clk 0:05:34]} Kf6 {[%clk 0:15:14]} 52. Rb5 {[%clk
0:05:59]} Rd1+ {[%clk 0:12:31]} 53. Kf2 {[%clk 0:03:43]} e3+ {[%clk 0:11:53]} 54.
Ke2 {[%clk 0:03:53]} Rd2+ {[%clk 0:12:19]} 55. Kf3 {[%clk 0:04:04]} Rf2+ {[%clk
0:07:42]} 56. Kg3 {[%clk 0:04:34]} Rxb5 {[%clk 0:07:19]} 57. axb5 {[%clk
0:05:02]} Rf1 {[%clk 0:07:31]} 58. Rh6+ {[%clk 0:05:20]} Kf7 {[%clk 0:07:55]} 59.
Rh7+ {[%clk 0:05:38]} Kf8 {[%clk 0:06:23]} 60. Rh8+ {[%clk 0:05:55]} Ke7 {[%clk
0:05:04]} 61. Rh7+ {[%clk 0:06:21]} Kd6 {[%clk 0:04:01]} 62. Rh6+ {[%clk
0:06:45]} Kd5 {[%clk 0:04:04]} 63. Rh5+ {[%clk 0:07:10]} Kd4 {[%clk 0:04:07]} 64.
Rh4+ {[%clk 0:07:35]} Kd3 {[%clk 0:03:58]} 65. Rh8 {[%clk 0:07:55]} e2 {[%clk
0:04:18]} 66. Re8 {[%clk 0:06:51]} e1Q+ {[%clk 0:04:41]} 67. Rxe1 {[%clk
0:07:19]} Rxe1 {[%clk 0:05:08]} 68. Kf4 {[%clk 0:07:24]} Kd4 {[%clk 0:05:11]} 69.
h4 {[%clk 0:05:15]} Rf1+ {[%clk 0:03:19]} 70. Kg5 {[%clk 0:05:38]} Rb1 {[%clk
0:03:12]} 71. h5 {[%clk 0:04:54]} Rxb5+ {[%clk 0:03:37]} 72. Kg6 {[%clk 0:05:14]}
Ke5 {[%clk 0:03:31]} 73. h6 {[%clk 0:05:02]} Kf4 {[%clk 0:02:51]} 74. h7 {[%clk
0:05:18]} Rb8 {[%clk 0:03:09]} 1/2-1/2

[Event "Women's Baku Chess Olympiad"]
[Site "chess24.com"]
[Date "2016.09.10"]
[Round "8"]
[White "Kazimova, Narmin"]
[Black "Tan, Zhongyi"]
[Result "0-1"]
[Board "4"]
[WhiteID "13402951"]
[WhiteElo "2302"]
[WhiteTitle "WGM"]
[WhiteCountry "AZE"]
[WhiteFideId "13402951"]
[WhiteEloChange "-5"]
[BlackID "8603642"]
[BlackElo "2475"]
[BlackTitle "WGM"]
[BlackCountry "CHN"]
[BlackFideId "8603642"]
[BlackEloChange "3"]

1. d4 {[%clk 1:30:55]} Nf6 {[%clk 1:30:51]} 2. c4 {[%clk 1:31:19]} e6 {[%clk
1:31:08]} 3. Nc3 {[%clk 1:31:37]} Bb4 {[%clk 1:31:19]} 4. Nf3 {[%clk 1:32:01]} b6
{[%clk 1:29:30]} 5. Bg5 {[%clk 1:31:32]} Bb7 {[%clk 1:28:21]} 6. e3 {[%clk
1:31:37]} h6 {[%clk 1:28:46]} 7. Bh4 {[%clk 1:31:47]} g5 {[%clk 1:29:10]} 8. Bg3
{[%clk 1:32:13]} Ne4 {[%clk 1:29:36]} 9. Qc2 {[%clk 1:32:20]} f5 {[%clk 1:29:53]}
10. Bd3 {[%clk 1:32:27]} O-O {[%clk 1:28:46]} 11. O-O {[%clk 1:28:19]} Bxc3
{[%clk 1:29:10]} 12. bxc3 {[%clk 1:28:46]} d6 {[%clk 1:27:26]} 13. Nd2 {[%clk
1:24:25]} Nxd2 {[%clk 1:25:10]} 14. Qxd2 {[%clk 1:22:37]} Nd7 {[%clk 1:24:09]}
15. f4 {[%clk 1:14:15]} Qe7 {[%clk 1:08:45]} 16. Rae1 {[%clk 0:58:04]} Qh7 {[%clk
0:52:25]} 17. Qc2 {[%clk 0:48:22]} Nf6 {[%clk 0:48:46]} 18. d5 {[%clk 0:38:00]}
Rae8 {[%clk 0:47:45]} 19. fxg5 {[%clk 0:28:16]} hxg5 {[%clk 0:48:07]} 20. Qa4
{[%clk 0:22:52]} Nd7 {[%clk 0:46:49]} 21. Qc2 {[%clk 0:17:02]} Nc5 {[%clk
0:46:46]} 22. Qb1 {[%clk 0:15:15]} Qg7 {[%clk 0:40:44]} 23. Rc1 {[%clk 0:15:09]}
Rf6 {[%clk 0:35:48]} 24. Bc2 {[%clk 0:14:11]} Ref8 {[%clk 0:31:24]} 25. Rcd1
{[%clk 0:11:51]} Qh7 {[%clk 0:28:04]} 26. Qc1 {[%clk 0:11:03]} e5 {[%clk
0:27:05]} 27. Qd2 {[%clk 0:09:21]} Bc8 {[%clk 0:26:09]} 28. Qe1 {[%clk 0:06:48]}
Rh6 {[%clk 0:26:22]} 29. h3 {[%clk 0:04:42]} Qg7 {[%clk 0:25:08]} 30. Bh2 {[%clk
0:04:02]} Rh4 {[%clk 0:22:35]} 31. Rf2 {[%clk 0:02:12]} Ne4 {[%clk 0:18:27]} 32.
Rf1 {[%clk 0:01:35]} Qh6 {[%clk 0:17:43]} 33. Bg3 {[%clk 0:01:14]} Nxg3 {[%clk
0:17:49]} 34. Qxg3 {[%clk 0:01:43]} Rxc4 {[%clk 0:17:22]} 35. e4 {[%clk 0:01:39]}
f4 {[%clk 0:15:38]} 36. Qf3 {[%clk 0:01:03]} g4 {[%clk 0:14:41]} 37. hxg4 {[%clk
0:01:13]} Qg5 {[%clk 0:15:07]} 38. Qd3 {[%clk 0:00:43]} Rc5 {[%clk 0:15:15]} 39.
Rd2 {[%clk 0:00:37]} Bxg4 {[%clk 0:15:33]} 40. Rdf2 {[%clk 0:30:35]} Rf7 {[%clk
0:44:36]} 41. Bd1 {[%clk 0:28:04]} Rh7 {[%clk 0:40:40]} 42. Bxg4 {[%clk 0:25:08]}
Qxg4 {[%clk 0:41:06]} 43. Rf3 {[%clk 0:23:02]} b5 {[%clk 0:37:15]} 44. a4 {[%clk
0:20:59]} bxa4 {[%clk 0:31:38]} 45. Qa6 {[%clk 0:20:30]} Rg7 {[%clk 0:30:08]} 46.
R1f2 {[%clk 0:20:26]} a3 {[%clk 0:26:22]} 47. c4 {[%clk 0:12:22]} Kf8 {[%clk
0:22:29]} 48. Kf1 {[%clk 0:09:40]} Ke7 {[%clk 0:21:36]} 49. Rc2 {[%clk 0:03:16]}
Qh5 {[%clk 0:21:24]} 50. Rcf2 {[%clk 0:01:29]} Qh1+ {[%clk 0:21:33]} 51. Ke2
{[%clk 0:01:56]} Qc1 {[%clk 0:20:26]} 0-1

[Event "Women's Baku Chess Olympiad"]
[Site "chess24.com"]
[Date "2016.09.10"]
[Round "8"]
[White "Geldiyeva, Mahri"]
[Black "Shvayger, Yuliya"]
[Result "0-1"]
[Board "1"]
[WhiteID "14000059"]
[WhiteElo "2285"]
[WhiteTitle "WGM"]
[WhiteCountry "TKM"]
[WhiteFideId "14000059"]
[WhiteEloChange "-7"]
[BlackID "14100126"]
[BlackElo "2408"]
[BlackTitle "WIM"]
[BlackCountry "ISR"]
[BlackFideId "14100126"]
[BlackEloChange "3"]

1. d4 {[%clk 1:30:55]} Nf6 {[%clk 1:30:51]} 2. Nf3 {[%clk 1:30:07]} g6 {[%clk
1:31:09]} 3. Bg5 {[%clk 1:29:38]} Bg7 {[%clk 1:31:29]} 4. Nbd2 {[%clk 1:29:50]}
O-O {[%clk 1:31:38]} 5. e4 {[%clk 1:28:14]} d5 {[%clk 1:31:59]} 6. e5 {[%clk
1:26:05]} Ne4 {[%clk 1:32:22]} 7. Be3 {[%clk 1:24:25]} c5 {[%clk 1:32:44]} 8. c3
{[%clk 1:19:22]} Nc6 {[%clk 1:32:58]} 9. Be2 {[%clk 1:12:36]} Qb6 {[%clk
1:30:14]} 10. Qb3 {[%clk 1:06:08]} cxd4 {[%clk 1:14:22]} 11. cxd4 {[%clk
0:54:49]} Qxb3 {[%clk 1:13:58]} 12. Nxb3 {[%clk 0:55:06]} Nb4 {[%clk 1:13:48]}
13. Kd1 {[%clk 0:49:03]} f5 {[%clk 1:10:03]} 14. g3 {[%clk 0:46:58]} f4 {[%clk
1:04:36]} 15. gxf4 {[%clk 0:44:17]} Bh6 {[%clk 1:04:29]} 16. a3 {[%clk 0:42:36]}
Nc6 {[%clk 1:02:17]} 17. Nfd2 {[%clk 0:37:27]} Nxd2 {[%clk 1:00:53]} 18. Kxd2
{[%clk 0:37:03]} Bxf4 {[%clk 1:01:08]} 19. Rac1 {[%clk 0:28:50]} Bh3 {[%clk
0:59:29]} 20. Bb5 {[%clk 0:26:20]} Bxe3+ {[%clk 0:58:43]} 21. fxe3 {[%clk
0:23:46]} Rf2+ {[%clk 0:58:52]} 22. Be2 {[%clk 0:24:09]} Bg2 {[%clk 0:53:38]} 23.
Ke1 {[%clk 0:17:27]} Raf8 {[%clk 0:53:07]} 24. Rg1 {[%clk 0:17:50]} Bh3 {[%clk
0:52:01]} 25. Rh1 {[%clk 0:17:37]} Bg2 {[%clk 0:45:32]} 26. Rg1 {[%clk 0:18:00]}
Be4 {[%clk 0:45:53]} 27. Nc5 {[%clk 0:10:08]} Rxh2 {[%clk 0:45:14]} 28. Nxe4
{[%clk 0:10:09]} dxe4 {[%clk 0:45:38]} 29. Rc2 {[%clk 0:09:50]} e6 {[%clk
0:42:35]} 30. Rg4 {[%clk 0:09:36]} Ne7 {[%clk 0:42:05]} 31. Rxe4 {[%clk 0:09:07]}
Nd5 {[%clk 0:41:28]} 32. Bd1 {[%clk 0:09:18]} Rh1+ {[%clk 0:40:16]} 33. Kd2
{[%clk 0:09:05]} Rf2+ {[%clk 0:39:45]} 34. Be2 {[%clk 0:08:58]} h5 {[%clk
0:38:26]} 35. Kd3 {[%clk 0:07:13]} Kg7 {[%clk 0:35:11]} 36. Rd2 {[%clk 0:07:16]}
Rhh2 {[%clk 0:33:36]} 37. Rc2 {[%clk 0:07:35]} g5 {[%clk 0:33:24]} 38. Bd1 {[%clk
0:06:13]} Rxc2 {[%clk 0:33:47]} 39. Bxc2 {[%clk 0:06:42]} Rxc2 {[%clk 0:33:51]}
40. Kxc2 {[%clk 0:36:57]} Kg6 {[%clk 1:04:13]} 41. Kd3 {[%clk 0:36:42]} Kf5
{[%clk 1:03:03]} 42. Rh4 {[%clk 0:31:55]} gxh4 {[%clk 0:59:14]} 43. e4+ {[%clk
0:32:23]} Kg6 {[%clk 0:59:35]} 44. exd5 {[%clk 0:32:43]} h3 {[%clk 0:59:59]} 0-1